000 00320nam a22001337a 4500
008 181022b xxu||||| |||| 00| 0 eng d
020 _a9780323023412
041 _aeng
080 _26th
_a610.73
100 _a2
101 _aINF
245 _aIntegrated Knowledge Development in Nursing
_cChinn,P.L
942 _2udc
_cBK
999 _c50411
_d50411